| 000 | 00553nam a2200181 a 4500 | ||
|---|---|---|---|
| 001 | BRCA_4057 | ||
| 005 | 20190320204529.0 | ||
| 008 | 150210s2004----mx-a######---#000-0#spa-# | ||
| 041 | _aspa | ||
| 044 | _amx | ||
| 050 | 4 |
_aND813.D3 _b.D35 2004 |
|
| 245 | 1 | 0 | _aDalí lector y lectores de Dalí. |
| 260 |
_aMéxico _bCentro Cultural de España, México _c2004 |
||
| 300 |
_a1 v. (sin paginación) _bil. a color _c17 cm. |
||
| 600 | 1 | 4 |
_aDalí, Salvador _d1904-1989 _xColecciones de arte _910525 |
| 650 | 1 | 4 |
_aPintura _ySiglo XX _zEspaña _910526 |
| 942 |
_2lcc _cB |
||
| 999 |
_c3781 _d3781 |
||